00579nam a22002057a 450000500170000001000130001702000220003003500130005203700160006504000120008108200110009310000230010424500470012726000370017427000450021130000260025650000410028265000300032365000200035320170124110129.0 aA-328571 c00.00a0671655264 aA-328571 bCen Lib/Ret aDPLbEN aSbSTU aSturgeon, Theodore aA touch of strange /cby Theodore Sturgeon bSimon and SchusteraLondonc1987 bLondonaWest Garden Place, Kendal Street axiv, 234p. c21cm(Hb) aIncludes bibliographical references  aScience fiction, American aScience fiction